História BCPB

História Burzy cenných papierov Bratislava v dátumoch. Najdôležitejšie udalosti od rozhodnutia o ustanovení BCPB v decembri roka 1990 do januára 2000.

Enregistré dans:
Détails bibliographiques
Format: Chapitre de livre
Langue:slovaque
Sujets:
Tags: Ajouter un tag
Pas de tags, Soyez le premier à ajouter un tag!

MARC

LEADER 00000naa a2200000 4500
001 r037236
005 20230824104800.5
041 0 |a slo 
044 |a SK 
245 1 0 |a História BCPB 
520 |a História Burzy cenných papierov Bratislava v dátumoch. Najdôležitejšie udalosti od rozhodnutia o ustanovení BCPB v decembri roka 1990 do januára 2000. 
610 2 0 |a burzy 
610 2 0 |a papiere cenné 
610 2 0 |a BCP Bratislava 
610 2 0 |a história 
610 2 0 |a Slovensko 
610 2 0 |a 1990-2000